[Event "Paulisto-ch"]
[Site "Americana"]
[Date "1998.??.??"]
[Round "6"]
[White "Loureiro, Luiz"]
[Black "Disconzi da Silva, Rodrigo"]
[Result "1/2-1/2"]
[WhiteElo "2365"]
[BlackElo "2350"]

1.d4 d5 2.c4 Nc6 3.Nf3 e5 4.cxd5 Qxd5 5.Nc3 Bb4 6.Bd2 Bxc3 7.Bxc3 e4 8.Nd2 e3
9.fxe3 Nf6 10.e4 Nxe4 11.Nxe4 Qxe4 12.d5 Ne7 13.Qd4 Qxd4 14.Bxd4 Nxd5 15.Bxg7 Rg8
16.Bd4 Bf5 17.Kf2 O-O-O 18.e3 Be4 19.Rg1 Rg5 20.Be2 Nb4 21.Bc3 Nd3+ 22.Bxd3 Rf5+
23.Ke1 Rxd3 24.Bd4 b6 25.Rc1 Kb7 26.Rc3 Ra5 27.Rxd3 Bxd3 28.a3 Rh5 29.h3 c5
30.Bc3 Kc6 31.Kd2 Rd5 32.g4 h5 33.Ke1 Kb5 34.Rg2 Kc4 35.Rf2 Bg6 36.Rd2 Bd3
37.e4 Bxe4 38.Rxd5 Kxd5 39.gxh5 Bf5 40.h6 Ke4 41.Kf2 Bh7 42.Kg3 f5 43.Bd2 a5
44.h4 a4 45.Bg5 b5 46.Be7 c4  1/2-1/2

[Event "AUT-chT 9899"]
[Site "AUT"]
[Date "1998.??.??"]
[Round "?"]
[White "Ebner, Hubert"]
[Black "Grabher, Heinz"]
[Result "1-0"]
[WhiteElo "2300"]
[BlackElo "2260"]

1.d4 d5 2.c4 Nc6 3.cxd5 Qxd5 4.e3 e5 5.Nc3 Bb4 6.Bd2 Bxc3 7.Bxc3 exd4 8.Ne2 Bg4
9.f3 Bxf3 10.gxf3 Qxf3 11.Bxd4 O-O-O 12.Rg1 Nf6 13.Qb3 Ne4 14.O-O-O Nf2 15.Rd2 Ne4
16.Rd1 Nf2 17.Rd2 Ne4 18.Rc2 Rhe8 19.Bg2 Qh5 20.Nf4 Qh6 21.Bxg7 Qd6 22.Qxf7 Kb8
23.Bxe4 Rxe4 24.Bc3 Rxe3 25.Ne2 Qxh2 26.Re1 Rde8 27.Kd1 a6 28.Nd4 Rxe1+ 29.Bxe1 Rxe1+
30.Kxe1 Qg1+ 31.Qf1 Qxd4 32.Qf8+ Ka7 33.Qc5+ Qxc5 34.Rxc5 Kb6 35.Rc4 Ne5
36.Rc3 c5 37.Kd1 Kc6 38.Rh3 Kd5 39.Rxh7 b6 40.Rb7 b5 41.Ra7 Nd3 42.Kc2 c4
43.a3 Nc5 44.Kc3 Na4+ 45.Kb4 Nxb2 46.Rxa6 Nd3+ 47.Kxb5 Ne5 48.Kb4 Nc6+ 49.Kc3 Kc5
50.Ra4 Kb5 51.Rxc4 Na5 52.a4+ Kb6 53.Rb4+ Ka6 54.Rb5 Nc6 55.Kc4 Na5+ 56.Kc5 Nb7+
57.Kb4 Nd6 58.Rh5 Ne8 59.Rh6+ Kb7 60.Kc5 Nc7 61.Rh7  1-0

[Event "Bayern-ch Bank Hofmann 2nd"]
[Site "Bad Wiesse"]
[Date "1998.??.??"]
[Round "6"]
[White "Medancic, Rikard"]
[Black "Maahs, Erich"]
[Result "1-0"]
[WhiteElo "2330"]
[BlackElo "2170"]

1.d4 d5 2.c4 Nc6 3.Nc3 e5 4.cxd5 Nxd4 5.e3 Nf5 6.Nf3 Bd6 7.Bb5+ Bd7 8.Bxd7+ Qxd7
9.e4 Nfe7 10.O-O Nf6 11.Re1 Ng6 12.Qa4 a6 13.Qxd7+ Nxd7 14.Be3 f6 15.Rac1 Ke7
16.g3 Rhf8 17.h4 h5 18.Na4 Kd8 19.Kg2 Ne7 20.Red1 b5 21.Nc5 Nxc5 22.Bxc5 a5
23.Ne1 Kd7 24.Nd3 f5 25.f3 fxe4 26.fxe4 Ng8 27.Rc2 Nf6 28.Nf2 Rfc8 29.Rdc1 Kd8
30.Kf3 Nd7 31.Be3 Ra6 32.g4 hxg4+ 33.Nxg4 Nb8 34.Nf2 Ke7 35.Nd3 Nd7 36.Rg2 Rf8+
37.Ke2 Rf7 38.Rg6 Nf8 39.Rxc7+ Ke8 40.Rxf7 Kxf7 41.Rg1 Nd7 42.Rc1 Ra8 43.Rc6 Be7
44.Rc7 Ke8 45.Bg5 Bf6 46.Nc5 Nxc5 47.Rxc5 Rb8 48.Bxf6 gxf6 49.Rc7 a4 50.h5 Kf8
51.h6 Kg8 52.Kf3 Kh8 53.Re7  1-0

[Event "Bayern-ch Bank Hofmann 2nd"]
[Site "Bad Wiesse"]
[Date "1998.??.??"]
[Round "9"]
[White "Hertneck, Gerald"]
[Black "Hermann, M."]
[Result "1-0"]
[WhiteElo "2555"]
[BlackElo "2355"]

1.d4 d5 2.c4 Nc6 3.e3 e5 4.cxd5 Qxd5 5.Nc3 Bb4 6.Bd2 Bxc3 7.Bxc3 exd4 8.Ne2 Nge7
9.Nxd4 O-O 10.Nb5 Qg5 11.h4 Qh6 12.Nxc7 Rb8 13.Nd5 Be6 14.Nf4 Rfd8 15.Qh5 Qxh5
16.Nxh5 Nd5 17.Nxg7 Bg4 18.f3 Nxc3 19.bxc3 Kxg7 20.fxg4 Ne5 21.Rh3 Nxg4 22.Rg3 f5
23.e4 Re8 24.O-O-O Rxe4 25.Rd7+ Kf6 26.Bd3 Re3 27.Rxe3 Nxe3 28.Rxh7 Nxg2
29.Rh5 Rd8 30.Rxf5+ Ke6 31.Be4 Ne3 32.Rg5 Rd1+ 33.Kb2 Rd2+ 34.Kb3 b6 35.Rg3 Nd5
36.Rd3 Rxd3 37.Bxd3 Nf6 38.Kc4 a6 39.Kd4 a5 40.Be2 Kf5 41.a4 Kf4 42.Bd1 Kf5
43.Kc4 Ke5 44.h5 Ne4 45.h6 Nd6+ 46.Kd3 Kf6 47.h7 Kg7 48.Kd4 Nf5+ 49.Ke4 Ne7
50.Ke5 Kxh7 51.Kd6 Nf5+ 52.Kc6 Ne7+ 53.Kd6 Nf5+ 54.Kc7 Ne3 55.Bb3  1-0

[Event "Bad Wildungen Seniors"]
[Site "Bad Wildungen"]
[Date "1998.??.??"]
[Round "6"]
[White "Jugow, Alexander"]
[Black "Schlag, Franz"]
[Result "1-0"]
[WhiteElo "2210"]
[BlackElo "2230"]

1.d4 d5 2.c4 Nc6 3.cxd5 Qxd5 4.Nf3 e5 5.Nc3 Bb4 6.dxe5 Qa5 7.Bd2 Bg4 8.a3 Bxc3
9.Bxc3 Qc5 10.Qa4 Bd7 11.Qe4 Nge7 12.g3 O-O 13.Bg2 Bf5 14.Qf4 Bg6 15.e4 Qc4
16.Nd2 Qd3 17.Bf1 Qd7 18.O-O-O Rad8 19.Bc4 h6 20.h4 Bh5 21.f3 Ng6 22.Qf5 Qxf5
23.exf5 Ngxe5 24.g4 Rxd2 25.Rxd2 Nxc4 26.Rg2 Bg6 27.fxg6 fxg6 28.Rg3 N4e5
29.Rf1 Nd3+ 30.Kc2 Nf4 31.Rd1 Rf7 32.Rd2 Ne6 33.b4 b5 34.Rd3 Nf4 35.Re3 Kf8
36.Rg1 Nd5 37.Rd3 Nb6 38.Re1 Nc8 39.Re6 N8e7 40.Be5 h5 41.gxh5 gxh5 42.Bxc7 Rf5
43.Bd6 Kf7 44.Re4 Nd5 45.Be5 Nce7 46.f4 a6 47.Kd2 Nb6 48.Ke2 Nbd5 49.Kf3 g6
50.Red4 Ke6 51.Ke4 Nf6+ 52.Bxf6 Kxf6 53.Rd6+ Kg7 54.Rxa6 Rf7 55.Rd7 Nf5 56.Rxf7+ Kxf7
57.Ke5 Kg7 58.Rb6 Nxh4 59.Rxb5 Ng2 60.Ke4 h4 61.Rc5 h3 62.Rc1 Kf6 63.Rh1 g5
64.fxg5+  1-0

[Event "Regionalliga SO9798"]
[Site "Bayern"]
[Date "1998.??.??"]
[Round "?"]
[White "Kunze, Holger"]
[Black "Schweiger, Georg"]
[Result "1/2-1/2"]
[WhiteElo "2090"]
[BlackElo "2100"]

1.d4 d5 2.c4 Nc6 3.Nc3 dxc4 4.d5 Ne5 5.Bf4 Ng6 6.Bg3 e5 7.e4 Nf6 8.Bxc4 Bd6
9.Nge2 O-O 10.Qc2 a6 11.O-O-O b5 12.Bd3 Bd7 13.Kb1 b4 14.Na4 Qe7 15.Rc1 Bxa4
16.Qxa4 Nd7 17.Rc6 Nc5 18.Qc2 b3 19.axb3 Rfb8 20.f3 Nf8 21.Bf2 Nfd7 22.Nc1 a5
23.Re1 a4 24.Bc4 Rb4 25.Re2 Rab8 26.Re3 Nb6 27.Rc3 axb3 28.Bxb3 Nca4 29.Bxa4 Nxa4
30.Rb3 Rxb3 31.Nxb3 h6 32.Rc4 Qd7 33.Rc6 Qc8 34.Qc4 Rb4 35.Qa6 Qb8 36.Ba7 Qd8
37.Rc4 Rxb3 38.Qxa4 Rb7 39.Bc5 Qb8 40.Qc2 Kh7 41.Kc1 Rb5 42.Rc3 Ra5 43.Ba3 Qb6
44.Qd1 Bb4 45.Rb3 Qc5+ 46.Kb1 Bxa3  1/2-1/2

[Event "Regionalliga SO9798"]
[Site "Bayern"]
[Date "1998.??.??"]
[Round "?"]
[White "Koenig, Bernhard"]
[Black "Schweiger, Georg"]
[Result "1-0"]
[WhiteElo "2240"]
[BlackElo "2100"]

1.d4 d5 2.c4 Nc6 3.cxd5 Qxd5 4.e3 e5 5.Nc3 Bb4 6.Bd2 Bxc3 7.Bxc3 exd4 8.Ne2 Nge7
9.Nxd4 Nxd4 10.Qxd4 Qxd4 11.Bxd4 O-O 12.Rc1 Nc6 13.Bc3 Be6 14.a3 Rfd8 15.f3 Rd6
16.Kf2 Rad8 17.b4 a6 18.Be2 f6 19.a4 Bb3 20.b5 axb5 21.axb5 Ne7 22.Ba5 b6
23.Bb4 R6d7 24.Rc3 Bf7 25.e4 Ra8 26.Rhc1 Ra7 27.Ke3 f5 28.Ra3 Rxa3+ 29.Bxa3 g5
30.g3 Be6 31.Bxe7 Rxe7 32.e5 Bd5 33.f4 Kf7 34.Bc4 Ke6 35.Bxd5+ Kxd5 36.Rc6 g4
37.Rf6 Kc4 38.Rxf5 Kxb5 39.Ke4 Kc4 40.Rf8 b5 41.f5 Rd7 42.e6  1-0

[Event "Landesliga Nord9798"]
[Site "Bayern"]
[Date "1998.??.??"]
[Round "?"]
[White "Straschewski, Joerg"]
[Black "Stockmann, Rainer"]
[Result "0-1"]
[WhiteElo "2005"]
[BlackElo "2050"]

1.d4 d5 2.c4 Nc6 3.Nf3 Bg4 4.Nc3 e6 5.cxd5 exd5 6.Bf4 Bd6 7.Bxd6 Qxd6 8.e3 Nf6
9.Bd3 O-O 10.h3 Bh5 11.a3 Rfe8 12.g4 Bg6 13.Be2 Ne4 14.Rc1 Rad8 15.h4 Nxc3
16.Rxc3 Be4 17.Rg1 Bxf3 18.Bxf3 Ne7 19.Kd2 b6 20.b4 b5 21.Be2 c6 22.h5 a5
23.bxa5 Ra8 24.Qb3 Rxa5 25.Rb1 Rea8 26.Qb4 Qe6 27.f4 Nc8 28.Qc5 Nd6 29.Bd3 Nc4+
30.Bxc4 bxc4 31.Rb6 Qxg4 32.Qxc6 Qg2+ 33.Kc1 h6 34.Qc7 Rxa3 35.Rb8+ Kh7 36.Rxa8 Rxa8
37.Rc2 Qf1+ 38.Kb2 Qd3 39.Qb7 Ra3  0-1

[Event "Landesliga Sued 9899"]
[Site "Bayern"]
[Date "1998.??.??"]
[Round "?"]
[White "Ager, Josef"]
[Black "Boehm, Uwe"]
[Result "1-0"]
[WhiteElo "2265"]
[BlackElo "2225"]

1.d4 d5 2.c4 Nc6 3.cxd5 Qxd5 4.e3 e5 5.Nc3 Bb4 6.Bd2 Bxc3 7.bxc3 exd4 8.cxd4 Nf6
9.Qb3 Qd6 10.Bd3 O-O 11.Ne2 Rb8 12.O-O Be6 13.Qb2 Rfd8 14.Rfd1 Qd7 15.Be1 Bf5
16.Bc4 a6 17.Ng3 Ne7 18.f3 Bg6 19.e4 b5 20.Be2 Nc8 21.Rac1 Nb6 22.Qc3 Ne8
23.Bf2 Qe7 24.Bd3 f6 25.Nf1 Bf7 26.Ne3 Bxa2 27.Nf5 Qd7 28.d5 Bc4 29.Bc2 Ra8
30.d6 Rab8 31.dxc7 Qxc7 32.Qb4 Rxd1+ 33.Rxd1 Rd8 34.Rxd8 Qxd8 35.Qa5 b4 36.Qxb4  1-0

[Event "Landesliga Nord 9899"]
[Site "Bayern"]
[Date "1998.??.??"]
[Round "?"]
[White "Rupprecht, Andreas"]
[Black "Hepting, Heinrich"]
[Result "0-1"]
[WhiteElo "2195"]
[BlackElo "2190"]

1.d4 d5 2.c4 Nc6 3.Nc3 dxc4 4.Nf3 Nf6 5.e4 Bg4 6.Be3 e6 7.Qa4 Bxf3 8.gxf3 Bb4
9.a3 Bxc3+ 10.bxc3 O-O 11.Rg1 e5 12.d5 Ne7 13.Rb1 b6 14.Bxc4 Qd6 15.Qb4 Qd8
16.Rd1 a5 17.Qb2 Qd6 18.Bb5 Ng6 19.c4 Nh4 20.Ke2 Nh5 21.Rg5 Qf6 22.Qxe5 Qxf3+
23.Kd2 Nf6 24.Kc1 Ng6 25.Qf5 Qxe4 26.Bd4 Qxf5 27.Rxf5 Ne4 28.Bc6 Rad8 29.Rf3 Nd6
30.c5 bxc5 31.Bxc5 Ne5 32.Rf4 Nd7 33.Bxd6 cxd6 34.Bxd7 Rxd7 35.Rc4 Rb8 36.Kc2 g6
37.Kc3 Kf8 38.Rd2 Rdb7 39.Rc6 Ke7 40.Ra6 Rb3+ 41.Kd4 Rxa3 42.Re2+ Kd7 43.Ra7+ Kd8
44.Rc2 Rb4+ 45.Rc4 Rf3 46.Rxb4 axb4 47.Kc4 b3 48.Rb7 Kc8  0-1

[Event "Berliner Sommer 16th"]
[Site "Berlin"]
[Date "1998.??.??"]
[Round "6"]
[White "Urday, Henry"]
[Black "Hertneck, Gerald"]
[Result "1/2-1/2"]
[WhiteElo "2475"]
[BlackElo "2555"]

1.d4 d5 2.c4 Nc6 3.Nf3 Bg4 4.cxd5 Bxf3 5.gxf3 Qxd5 6.e3 e5 7.Nc3 Bb4 8.Bd2 Bxc3
9.bxc3 Qd6 10.Rb1 b6 11.f4 exf4 12.e4 Nge7 13.Qf3 O-O 14.Bxf4 Qa3 15.Be2 Ng6
16.Bg3 Qxa2 17.O-O Nce7 18.Bxc7 Qe6 19.Rfe1 Rac8 20.Bg3 f5 21.exf5 Qxf5 22.Qxf5 Nxf5
23.Rb3 Nxg3 24.hxg3 Rf6 25.Bg4 Rc7 26.Ra3 Kf7 27.Rea1 a5 28.Rb1 Ne7 29.Rb5 Rfc6
30.Ra2 Rd6 31.Ra3 Nd5 32.Rbb3 a4 33.Rxa4 Rxc3 34.Rb2 Kf6 35.Kg2 Ne7  1/2-1/2

[Event "Berliner Sommer 16th"]
[Site "Berlin"]
[Date "1998.??.??"]
[Round "6"]
[White "Dyballa, Markus"]
[Black "Muse, Mladen"]
[Result "1-0"]
[WhiteElo "2310"]
[BlackElo "2440"]

1.d4 d5 2.c4 Nc6 3.Nf3 Bg4 4.cxd5 Bxf3 5.dxc6 Bxc6 6.Nc3 e6 7.Qd3 Bb4 8.Bd2 Nf6
9.f3 Qd7 10.a3 Be7 11.e4 O-O 12.Be2 Rfd8 13.Be3 b6 14.O-O Bb7 15.Rfd1 Qe8
16.Qb5 Qf8 17.Rac1 c6 18.Qc4 h6 19.Kh1 Rd7 20.Bd3 Rc8 21.b4 a5 22.Rb1 axb4
23.axb4 b5 24.Qb3 Ra8 25.Bc2 Rdd8 26.Rdc1 Ne8 27.e5 Nc7 28.Ne4 f5 29.exf6 gxf6
30.Nc5 Bxc5 31.dxc5 Nd5 32.Qd3 Qg7 33.Qe4 Kf7 34.Bb3 f5 35.Qd3 Qxg2+ 36.Kxg2 Nf4+
37.Bxf4 Rxd3 38.Rd1  1-0

[Event "Slovan op"]
[Site "Bratislava"]
[Date "1998.??.??"]
[Round "3"]
[White "Tibensky, Robert"]
[Black "Todor, Razvan"]
[Result "1/2-1/2"]
[WhiteElo "2435"]
[BlackElo "2160"]

1.d4 d5 2.c4 Nc6 3.e3 e5 4.cxd5 Qxd5 5.Nc3 Bb4 6.Bd2 Bxc3 7.bxc3 exd4 8.cxd4 Nf6
9.Nf3 Bf5 10.Be2 h6 11.O-O O-O 12.Qc1 Be4 13.Ne1 Rad8 14.Qb2 Rd6 15.Rc1 b6
16.f3 Bh7 17.Nc2 Qh5 18.Rfe1 Rfd8 19.Nb4 Nxb4 20.Bxb4 R6d7 21.Rcd1 Qg5 22.Bd2 Qh5
23.Qc1 Qd5 24.Bc4 Qh5 25.Bb3 Qb5 26.Bc4 Qh5 27.Bc3 c5 28.dxc5 Qxc5 29.Rxd7 Nxd7
30.Bd4 Qe7 31.Qb2 Qg5 32.Kh1 Nc5 33.Qc3 Bf5  1/2-1/2

[Event "Budapest Nyar op"]
[Site "Budapest"]
[Date "1998.??.??"]
[Round "5"]
[White "Csonkics, Tunde"]
[Black "Jamrich, Gyorgy"]
[Result "1/2-1/2"]
[WhiteElo "2225"]
[BlackElo "2310"]

1.d4 d5 2.c4 Nc6 3.Nf3 e5 4.dxe5 Bb4+ 5.Nbd2 dxc4 6.a3 Ba5 7.Qc2 b5 8.b3 Nd4
9.Nxd4 Qxd4 10.Rb1 Qxe5 11.bxc4 bxc4 12.Qxc4 Bd7 13.g3 Nf6 14.Bg2 Rd8 15.O-O O-O
16.Bb2 Qf5 17.Ne4 Nxe4 18.Bxe4 Qg5 19.h4 Qh6 20.Bc1 Qe6 21.Qc2 h6 22.Bb2  1/2-1/2

[Event "Budapest FS06 IM"]
[Site "Budapest"]
[Date "1998.??.??"]
[Round "6"]
[White "Jamrich, Gyorgy"]
[Black "Antal, Gergely"]
[Result "1-0"]
[WhiteElo "2275"]
[BlackElo "2220"]

1.d4 d5 2.c4 Nc6 3.cxd5 Qxd5 4.e3 e5 5.Nc3 Bb4 6.Bd2 Bxc3 7.Bxc3 exd4 8.Ne2 Bg4
9.f3 Be6 10.Nxd4 O-O-O 11.Qa4 Nge7 12.Nxc6 Nxc6 13.Bb5 Qc5 14.Kf2 Bd7 15.Bxc6 Bxc6
16.Qg4+ f5 17.Qxg7 Rhg8 18.Qh6 Qd5 19.Qh3 Qd3 20.Rhe1 Kb8 21.Rac1 f4 22.exf4 Qc4
23.Qf5 Rdf8 24.Qe5 Rxf4 25.Re3 Rff8 26.Rce1 a6 27.Qh5 Rd8 28.Qxh7 Rd7 29.Qh5 Rd5
30.Qh7 Rd7 31.Qh5 Rd5 32.Qh7 Rdg5 33.g3 Rf8 34.Qd3 Qf7 35.Bd4 Rf5 36.f4 Qd5
37.R1e2 Bb5 38.Qe4 Qf7 39.Re1 Bc6 40.Qe6 Qh5 41.Kg1 Rd8 42.Bc3 Rfd5 43.h3 Rd3
44.g4 Qc5 45.Kh2 R3d5 46.Kg3 Ka7 47.Qe7 Qb6 48.f5 Rd3 49.Bb4 R3d5 50.f6 Re8
51.f7 Rxe7 52.Bxe7 Rd2 53.f8=Q Rg2+ 54.Kh4  1-0

[Event "Budapest Nyar-B"]
[Site "Budapest"]
[Date "1998.??.??"]
[Round "7"]
[White "Petran, Pal"]
[Black "Antal, Gergely"]
[Result "1/2-1/2"]
[WhiteElo "2195"]
[BlackElo "2395"]

1.d4 d5 2.c4 Nc6 3.cxd5 Qxd5 4.e3 e5 5.Nc3 Bb4 6.Bd2 Bxc3 7.bxc3 Nf6 8.f3 e4
9.Qb3 Qd6 10.c4 O-O 11.f4 Re8 12.Ne2 a6 13.d5 Ne7 14.Bb4 c5 15.dxc6 Qxc6
16.Nd4 Qc7 17.Be2 Nf5 18.Nxf5 Bxf5 19.O-O Rad8 20.Bc3 Nd7 21.Bd4 Nc5 22.Qb4 Rc8
23.Bxc5 Qxc5 24.Qxc5 Rxc5 25.Rab1 Rc7 26.Rfd1 Be6 27.Rd4 Rec8 28.Rb4 f5 29.g4 g6
30.gxf5 gxf5 31.Kf2 b5 32.cxb5 axb5 33.Rd2 Rc2 34.Ke1 Rxd2 35.Kxd2 Ra8 36.Rb2 b4
37.Rxb4 Rxa2+ 38.Ke1 Ra1+ 39.Kf2 Ra2 40.Ke1 Ra1+  1/2-1/2

[Event "Calcutta"]
[Site "Calcutta"]
[Date "1998.??.??"]
[Round "2"]
[White "Sashikiran, Krishnan"]
[Black "Rahman, Ziaur"]
[Result "1-0"]
[WhiteElo "2470"]
[BlackElo "2485"]

1.d4 d5 2.c4 Nc6 3.Nc3 dxc4 4.Nf3 Nf6 5.e4 Bg4 6.Be3 e6 7.Bxc4 Bb4 8.Qd3 O-O
9.Nd2 e5 10.d5 Na5 11.f3 Bd7 12.a3 Nxc4 13.axb4 Nxe3 14.Qxe3 a6 15.Nc4 Bb5
16.Nxe5 Re8 17.f4 Qe7 18.Qd4 Nxe4 19.Qxe4 f6 20.Nxb5 axb5 21.Rxa8 Rxa8 22.O-O fxe5
23.fxe5 h6 24.h3 Re8 25.Re1 Qg5 26.e6 Qe7 27.Qe5 Qxb4 28.Rc1 Re7 29.Rxc7 Rxc7
30.Qxc7 Qd4+ 31.Kh2 Qxd5 32.Qb8+ Kh7 33.e7  1-0

[Event "Moravia-chT 9899"]
[Site "CZE"]
[Date "1998.??.??"]
[Round "3"]
[White "Uhmann, Jan"]
[Black "Omelka, Marek"]
[Result "1/2-1/2"]
[WhiteElo "2245"]
[BlackElo "2120"]

1.d4 d5 2.c4 Nc6 3.Nc3 e5 4.cxd5 Nxd4 5.e3 Nf5 6.Nf3 Bd6 7.e4 Nfe7 8.Bc4 Nf6
9.O-O O-O 10.Ne1 Ng6 11.Nd3 Kh8 12.Qe2 Qe7 13.a3 Bd7 14.Bd2 Rae8 15.Rae1 a6
16.Qd1 Ng4 17.h3 Nh6 18.Qh5 f5 19.Bg5 Qf7 20.Bxh6 gxh6 21.exf5 Bxf5 22.Ne4 Qg7
23.Kh1 Nf4 24.Nxf4 exf4 25.Nxd6 Rxe1 26.Rxe1 cxd6 27.Re8 Bg6 28.Rxf8+ Qxf8
29.Qg4 Qf5 30.Qf3 Qe5 31.Kg1 Kg7  1/2-1/2

[Event "CZE-chT2 9798"]
[Site "CZE"]
[Date "1998.??.??"]
[Round "8.7"]
[White "Hlavacek, Robert"]
[Black "Novacek, Jan"]
[Result "1/2-1/2"]
[WhiteElo "2095"]
[BlackElo "2130"]

1.d4 d5 2.c4 Nc6 3.Nf3 Bg4 4.e3 e6 5.Nbd2 Nf6 6.Qb3 Bxf3 7.Nxf3 Bb4+ 8.Bd2 Bxd2+
9.Nxd2 Qd7 10.cxd5 Qxd5 11.Rc1 Qxb3 12.Nxb3 O-O-O 13.Be2 e5 14.Bb5 Nb4 15.dxe5 Ng4
16.e6 fxe6 17.Nd4 Rd6 18.a3 Nd5 19.Be2 Ngf6 20.Nb5 Rb6 21.Rc2 a6 22.Nd4 e5
23.Nf3 Re8 24.O-O Rd6 25.Rfc1 Kb8 26.Nd2 Re7 27.b4 Nb6 28.Nb3 Na4 29.Kf1 Nb6
30.Nc5 Nbd5 31.Ke1 h6 32.Rd2 Nb6 33.Rdc2 Nbd5 34.Rb2 Nb6 35.h3 Nbd7 36.Nb3 Nb6
37.Rbc2 Na4 38.Kf1 Red7 39.Ke1 g5 40.Bf3 Rd3 41.Na5 e4 42.Be2 Rxa3 43.b5 Nb6
44.Nc4 Nxc4 45.Bxc4 axb5 46.Bxb5 Re7 47.Rb2 Ka7 48.Rc5 c6 49.Bc4 Nd7 50.Rf5 Ne5
51.Be2 Nd7 52.Kd2 b5 53.h4 gxh4 54.Rh5 Re6 55.Kc2 Rf6 56.f4 Rxe3 57.Kd2 Rg3
58.Rxh4 Rxg2 59.Ke3 Kb6 60.Kxe4 Nc5+ 61.Kf3 Rfg6 62.f5 R6g3+ 63.Kf4 Ra3 64.Rxh6 Rf2+
65.Kg4 Rg2+ 66.Kf4  1/2-1/2

[Event "Debrecen op"]
[Site "Debrecen"]
[Date "1998.??.??"]
[Round "10"]
[White "Menyhart, Tibor"]
[Black "Szabo, Gergely"]
[Result "0-1"]
[WhiteElo "2235"]
[BlackElo "2235"]

1.d4 d5 2.c4 Nc6 3.Nc3 e5 4.dxe5 d4 5.Nb1 Nxe5 6.a3 Be6 7.b3 Ne7 8.Bb2 c5
9.g3 N7c6 10.Bg2 Qc7 11.Nf3 Nxf3+ 12.Bxf3 Bh3 13.Qc2 Be7 14.Nd2 O-O 15.Be4 Kh8
16.Bxh7 g6 17.Bxg6 fxg6 18.Qxg6 Bf5 19.Qh5+ Bh7 20.f4 Bd6 21.Ne4 Na5 22.Nd2 Rf5
23.Qf3 Re8 24.e4 Bxf4 25.O-O Bxd2 26.exf5 Be3+ 27.Kg2 Nxb3 28.Rae1 Qe5 29.g4 Nd2
30.Qxb7 Nxf1 31.Kxf1 Qf4+  0-1

[Event "Centrocoop Sept op-A"]
[Site "Eforie Nord"]
[Date "1998.??.??"]
[Round "?"]
[White "Urmosi, Al"]
[Black "Adoamnei, Roxana"]
[Result "1/2-1/2"]
[WhiteElo "1695"]
[BlackElo "2120"]

1.d4 d5 2.c4 Nc6 3.Nf3 Bg4 4.e3 e6 5.a3 Nf6 6.Nc3 a6 7.b4 Be7 8.h3 Bxf3 9.Qxf3 O-O
10.c5 e5 11.Ne2 b6 12.Bb2 e4 13.Qg3 Qd7 14.f4 Nd8 15.Nc3 g6 16.Be2 Ne6 17.Qf2 a5
18.O-O Rfb8 19.Rfb1  1/2-1/2

[Event "POR-ch sf"]
[Site "Faro"]
[Date "1998.??.??"]
[Round "8"]
[White "Pinho, Paulo"]
[Black "Rodrigues, Nuno"]
[Result "1-0"]
[WhiteElo "2150"]
[BlackElo "2165"]

1.d4 d5 2.c4 Nc6 3.Nc3 e5 4.cxd5 Nxd4 5.e3 Nf5 6.e4 Nd4 7.Be3 c5 8.dxc6 bxc6
9.Bc4 Nf6 10.Nf3 Bg4 11.Bxf7+ Ke7 12.Bb3 Qb6 13.Nxd4 Bxd1 14.Nf5+ Ke8 15.Bxb6 Bxb3
16.axb3 g6 17.Ne3 Bb4 18.Ra4 a5 19.f3  1-0

[Event "FIN-chT9899"]
[Site "FIN"]
[Date "1998.??.??"]
[Round "2"]
[White "Kanko, Ilkka"]
[Black "Puranen, Jukka"]
[Result "0-1"]
[WhiteElo "2270"]
[BlackElo "2310"]

1.d4 d5 2.c4 Nc6 3.Nf3 Bg4 4.cxd5 Bxf3 5.dxc6 Bxc6 6.Nc3 e6 7.a3 Nf6 8.f3 Bd6
9.e4 e5 10.d5 Bd7 11.Be3 a6 12.Be2 O-O 13.O-O Nh5 14.g3 Bh3 15.Rf2 g6 16.Bf1 Bd7
17.Qd2 f5 18.exf5 gxf5 19.f4 exf4 20.gxf4 Rf6 21.Rg2+ Rg6 22.Ne2 Qh4 23.Rc1 Re8
24.Rxg6+ hxg6 25.Bg2 Bb5 26.Nd4 Nxf4 27.Nxb5 axb5 28.Bf3 Nh5 29.Re1 Bxh2+
30.Kg2 Qg3+ 31.Kh1 Qxf3+ 32.Kxh2 Qg3+ 33.Kh1 Re4  0-1

[Event "FRA-chJM5"]
[Site "FRA"]
[Date "1998.??.??"]
[Round "6"]
[White "Marcelin, Cyril"]
[Black "Fressinet, Laurent"]
[Result "1/2-1/2"]
[WhiteElo "2375"]
[BlackElo "2450"]

1.d4 d5 2.c4 Nc6 3.e3 e5 4.cxd5 Qxd5 5.Nc3 Bb4 6.Bd2 Bxc3 7.bxc3 Qd6 8.Bb5 Ne7
9.Ne2 O-O 10.O-O Be6 11.Qc2 Rad8 12.Rad1 f5 13.Bc1 a6 14.Ba4 Na5 15.Bb3 Bc4
16.Bxc4+ Nxc4 17.Qb3 b5 18.a4 c6 19.dxe5 Qxe5 20.Ba3 Kh8  1/2-1/2

[Event "Oberliga Nord N9798"]
[Site "Germany"]
[Date "1998.??.??"]
[Round "?"]
[White "Nogly, Christoph"]
[Black "Sell, Achim"]
[Result "1/2-1/2"]
[WhiteElo "2220"]
[BlackElo "2300"]

1.d4 d5 2.c4 Nc6 3.cxd5 Qxd5 4.e3 e5 5.Nc3 Qd8 6.d5 Nb8 7.e4 Bd6 8.Bb5+ Nd7
9.f4 Nf6 10.Nf3 O-O 11.Bxd7 Nxd7 12.f5 a6 13.O-O b5 14.a3 Bb7 15.Bg5 f6 16.Be3 Qe7
17.b4 a5 18.Qb3 Rfb8 19.Rfd1 Bc8 20.Ne1 g6 21.g4 Kh8 22.Rab1 Qe8 23.Kf2 Nb6
24.Bxb6 cxb6 25.Nf3 Bd7 26.Rdc1 Rc8 27.Na2 Ra7 28.Rxc8 Qxc8 29.Rc1 Rc7 30.Rxc7 Qxc7
31.Nd2 Kg7 32.Nc3 Kf7 33.Ke2 Qa7 34.Na2 Qc7 35.Nc3 Qb8 36.Na2 Qf8 37.Qh3 Kg8
38.Qe3 Qe8 39.Qc3 Qf8  1/2-1/2

[Event "BL2-W9798"]
[Site "Germany"]
[Date "1998.??.??"]
[Round "?.4"]
[White "Bosboom, Manuel"]
[Black "Baumhus, Reinhard"]
[Result "1-0"]
[WhiteElo "2430"]
[BlackElo "2330"]

1.d4 d5 2.c4 Nc6 3.cxd5 Qxd5 4.e3 e5 5.Nc3 Bb4 6.Bd2 Bxc3 7.bxc3 Qd6 8.Qc2 Nf6
9.Ne2 O-O 10.Ng3 Re8 11.Be2 h5 12.Rd1 h4 13.Ne4 Qe7 14.Nxf6+ Qxf6 15.d5 Ne7
16.c4 c5 17.Bc3 Qg5 18.g3 Ng6 19.e4 Bg4 20.Rg1 Bxe2 21.Qxe2 Rad8 22.Bd2 Qe7
23.Rb1 Qd7 24.Bg5 f6 25.Be3 hxg3 26.hxg3 b6 27.Rh1 Kf7 28.Qc2 Rh8 29.Kd2 Qg4
30.a4 Qf3 31.Rxh8 Rxh8 32.a5 Nf4 33.axb6 axb6 34.Rxb6 Rh2 35.Rb7+ Kg6 36.gxf4 exf4
37.Bxc5 Kh6 38.Qd3 Qh1 39.Rb1 Qg2 40.d6 Rh3 41.Qd4 Re3 42.Qxe3 fxe3+ 43.Bxe3+  1-0

[Event "BL2-W9798"]
[Site "Germany"]
[Date "1998.??.??"]
[Round "?.4"]
[White "Berresheim, Helmut"]
[Black "Baumhus, Reinhard"]
[Result "0-1"]
[WhiteElo "2225"]
[BlackElo "2330"]

1.d4 d5 2.c4 Nc6 3.Nf3 Bg4 4.cxd5 Bxf3 5.gxf3 Qxd5 6.e3 e5 7.Nc3 Bb4 8.a3 Bxc3+
9.bxc3 exd4 10.cxd4 Nge7 11.Rb1 O-O-O 12.Rb5 Qd6 13.Qb3 b6 14.Bd2 Rhe8 15.Be2 Nd5
16.Qa4 Nf4 17.d5 Nxd5 18.Rxd5 Qxd5 19.Bc3 Ne5 20.e4 Qc5 21.Bd2 Qd4 22.Qxd4 Rxd4
23.Bc3 Rd6 24.O-O Nd3 25.Rb1 Kb8 26.Kf1 g5 27.Rb3 Nc1 28.Rb5 g4 29.Rf5 Nxe2
30.Kxe2 gxf3+ 31.Ke3 Red8 32.Bg7 Rd3+ 33.Kf4 R8d7 34.Bf6 c5 35.Rh5 c4 36.Rxh7 c3
37.h4 c2 38.Bb2 Rb3 39.Bc1 Rb1 40.Be3 Re1  0-1

[Event "BL2-N9798"]
[Site "Germany"]
[Date "1998.??.??"]
[Round "5.4"]
[White "Von Herman, Ulf"]
[Black "Von Buelow, Georg"]
[Result "1/2-1/2"]
[WhiteElo "2375"]
[BlackElo "2295"]

1.d4 d5 2.c4 Nc6 3.Nf3 Bg4 4.Nc3 Bxf3 5.exf3 dxc4 6.d5 Ne5 7.Bf4 Ng6 8.Bg3 a6
9.h4 h5 10.Bxc4 Nf6 11.Qb3 b5 12.Bd3 e5 13.Bxg6 fxg6 14.Bxe5 Bd6 15.O-O-O O-O
16.Rhe1 Nd7 17.Bg3 Nc5 18.Qc2 Qf6 19.Ne4 Nxe4 20.Rxe4 Rae8 21.Rde1 Rxe4 22.Qxe4 Kh7
23.Qd3 Qf5 24.Qxf5 Rxf5 25.Rd1 g5 26.Bxd6 cxd6 27.hxg5 Rxg5 28.g3 Rf5 29.f4 g5
30.fxg5 Rxf2 31.Re1 Rf5 32.Re7+ Kg8 33.Ra7 Rxd5 34.Rxa6 Kg7 35.Ra5 Kg6 36.a4 Rc5+
37.Kd2 bxa4 38.Rxa4 Kxg5 39.Rd4 Rb5 40.b4 d5 41.Kc3 Kf5 42.Rh4 Rb8 43.Kb3 Rg8
44.Rxh5+ Ke4 45.Rh4+ Ke3 46.g4 d4 47.Rh3+ Ke2 48.Rh2+ Ke3 49.Rh3+  1/2-1/2

[Event "NRW-Liga 9798"]
[Site "Germany"]
[Date "1998.??.??"]
[Round "7.2"]
[White "Riemersma, Liafbern"]
[Black "Heisel, Guido"]
[Result "1-0"]
[WhiteElo "2455"]
[BlackElo "2225"]

1.d4 d5 2.c4 Nc6 3.cxd5 Qxd5 4.e3 e5 5.Nc3 Bb4 6.Bd2 Bxc3 7.Bxc3 exd4 8.Ne2 Nf6
9.Nxd4 Bg4 10.Qa4 Bd7 11.Nb5 O-O-O 12.Qf4 Ne8 13.Bxg7 Rg8 14.Bc3 Rg4 15.Qf3 Nb4
16.Qxd5 Nxd5 17.Be5 f6 18.Bg3 Rb4 19.Nxa7+ Kb8 20.O-O-O Ba4 21.b3 Kxa7 22.bxa4 Rxa4
23.Rd2 c6 24.Be2 Ra8 25.Bd1 Rc4+ 26.Kb2 Kb6 27.Bb3 Rb4 28.Rhd1 f5 29.Rd4 Nef6
30.Rxb4+ Nxb4 31.Rd4 Nbd5 32.Bc2 Ra5 33.Bxf5 Rb5+ 34.Ka1 Nc3 35.Bd3 Ra5 36.Kb2 Nfd5
37.Bc4 Na4+ 38.Kc2 Kc5 39.Bxd5 cxd5 40.Bc7 Ra7 41.Rh4 b5 42.Be5 Rf7 43.Bd4+ Kb4
44.Bb2+ Ka5 45.Rf4 Rc7+ 46.Kb1 Nb6 47.Bf6 Rd7 48.Bc3+ Ka6 49.Rf6 Kb7 50.Bd4 Nc4
51.Kc2 Nd6 52.f3 Rc7+ 53.Kb3 Nc4 54.Kb4 Nd2 55.Kxb5 Rc2 56.Rf7+ Ka8 57.Rxh7 Rxa2
58.Kb6 Nc4+ 59.Kc7 Nb6 60.Kxb6  1-0

[Event "Gyongyos Matra Kupa"]
[Site "Gyongyos"]
[Date "1998.??.??"]
[Round "9"]
[White "Kiraly, Istvan"]
[Black "Nagy, Hunor"]
[Result "1-0"]
[WhiteElo "2170"]
[BlackElo "2140"]

1.d4 d5 2.c4 Nc6 3.Nf3 Bg4 4.e3 Nf6 5.Qb3 Rb8 6.Ne5 Nxe5 7.dxe5 Nd7 8.cxd5 Nxe5
9.Nc3 Bd7 10.f4 Ng6 11.e4 c6 12.Be3 b6 13.Rd1 cxd5 14.exd5 Nh4 15.Nb5 a6
16.Nd4 b5 17.g3 Nf5 18.Nc6 Bxc6 19.dxc6 Qa5+ 20.Bd2 Qc7 21.Bg2 e6 22.Bc1 Bd6
23.O-O O-O 24.Rd3 Rbc8 25.Rfd1 Rfd8 26.Qc3 Ne7 27.b3 Nxc6 28.Qxc6 Qxc6 29.Bxc6 Rxc6
30.Ba3 Bc5+ 31.Bxc5 Rxd3 32.Rxd3 h6 33.b4 a5 34.a3 axb4 35.axb4 Ra6 36.Rd2 Kh7
37.Kf2 Kg6 38.Ke3 Ra3+ 39.Kd4 h5 40.Bf8 Ra8 41.Bd6 Rc8 42.Bc5 Rd8+ 43.Ke3 Ra8
44.Ke4 Ra1 45.Ke5 Ra6 46.Ke4 Ra1 47.Ke5 Ra6 48.Rc2 Rc6 49.Ra2 f6+ 50.Ke4 Rc8
51.Ra5 Rb8 52.Ra6 Rd8 53.Rd6 Ra8 54.Rxe6 Ra2 55.Rb6 Rxh2 56.Rxb5 Rg2 57.Kf3 Rb2
58.Be3 Rb3 59.Rb7 Kf5 60.Rb5+ Kg6 61.f5+ Kh7 62.Rb7 Rb1 63.b5 Rb4 64.b6 Rb5
65.Ke4 Rb4+ 66.Bd4 Rb3 67.Bxf6 Rxg3 68.Rxg7+  1-0